[Event "6. Torneo Distrito Chamartin 2017"]
[Site "Madrid ESP"]
[Date "2017.09.04"]
[Round "1.1"]
[White "Martin Duque, Jesus"]
[Black "Perez Cameselle, Francisco Jose"]
[Result "1-0"]
[WhiteElo "2387"]
[BlackElo "1789"]
[PlyCount "37"]
[EventDate "2017.09.04"]
[EventType "swiss"]
[EventRounds "9"]
[EventCountry "ESP"]
[SourceTitle "Ajedrez en Madrid"]
[Source "lmi"]
[SourceDate "2017.09.04"]
[SourceVersion "1"]
[SourceVersionDate "2018.03.05"]
[SourceQuality "1"]

1. e4 e5 2. Nf3 Nc6 3. Bc4 Bc5 4. c3 Nf6 5. d3 O-O 6. O-O d5 7. exd5 Nxd5 8. a4
Bg4 9. Nbd2 a5 10. h3 Bh5 11. Ne4 Bb6 12. Re1 Re8 13. Ng3 Bg6 14. Qb3 Nf6 15.
Bg5 h6 16. Be3 Bxe3 17. Rxe3 Qd6 18. Rae1 Re7 19. Nh4 1-0

[Event "6. Torneo Distrito Chamartin 2017"]
[Site "Madrid ESP"]
[Date "2017.09.04"]
[Round "1.3"]
[White "Moreno Ibañez, Miguel"]
[Black "Picazo Sancho, Alvaro"]
[Result "1-0"]
[WhiteElo "2289"]
[BlackElo "1772"]
[PlyCount "57"]
[EventDate "2017.09.04"]
[EventType "swiss"]
[EventRounds "9"]
[EventCountry "ESP"]
[SourceTitle "Ajedrez en Madrid"]
[Source "lmi"]
[SourceDate "2017.09.04"]
[SourceVersion "1"]
[SourceVersionDate "2018.03.05"]
[SourceQuality "1"]

1. e4 c5 2. Nf3 e6 3. d4 cxd4 4. Nxd4 Nc6 5. Nc3 a6 6. Nxc6 bxc6 7. Bd3 Qc7 8.
O-O Nf6 9. Qe2 d6 10. f4 Be7 11. Kh1 O-O 12. e5 Nd5 13. Ne4 dxe5 14. fxe5 Qxe5
15. c4 Nb4 16. Bf4 Qd4 17. Bb1 a5 18. Rd1 Qa7 19. a3 Na6 20. b4 axb4 21. axb4
Qb7 22. Ra3 f5 23. Nd6 Bxd6 24. Bxd6 Rf7 25. Qe5 Ra7 26. Bc5 Nxc5 27. Rd8+ Rf8
28. Rxf8+ Kxf8 29. Qxc5+ 1-0

[Event "6. Torneo Distrito Chamartin 2017"]
[Site "Madrid ESP"]
[Date "2017.09.04"]
[Round "1.4"]
[White "Lizon Martinez, Santiago"]
[Black "Solaesa Navalpotro, Luis Julio"]
[Result "0-1"]
[WhiteElo "1750"]
[BlackElo "2272"]
[PlyCount "46"]
[EventDate "2017.09.04"]
[EventType "swiss"]
[EventRounds "9"]
[EventCountry "ESP"]
[SourceTitle "Ajedrez en Madrid"]
[Source "lmi"]
[SourceDate "2017.09.04"]
[SourceVersion "1"]
[SourceVersionDate "2018.03.05"]
[SourceQuality "1"]

1. e4 c6 2. d4 d5 3. e5 Bf5 4. Nf3 e6 5. Be2 Nd7 6. O-O Ne7 7. b3 c5 8. c4 cxd4
9. Qxd4 Nc6 10. Qf4 dxc4 11. Bxc4 Be7 12. Bb2 a6 13. Nbd2 b5 14. Be2 Nb6 15.
Rac1 Rc8 16. Rfd1 Nd5 17. Qg3 O-O 18. a3 h6 19. h3 Qb6 20. b4 Bh7 21. Nb3 Rfd8
22. Nc5 a5 23. Ne4 Bxe4 0-1

[Event "6. Torneo Distrito Chamartin 2017"]
[Site "Madrid ESP"]
[Date "2017.09.04"]
[Round "1.5"]
[White "Longa Yauca, Javier"]
[Black "Sanchez Rivero, Miguel"]
[Result "1-0"]
[WhiteElo "2261"]
[BlackElo "1716"]
[PlyCount "35"]
[EventDate "2017.09.04"]
[EventType "swiss"]
[EventRounds "9"]
[EventCountry "ESP"]
[SourceTitle "Ajedrez en Madrid"]
[Source "lmi"]
[SourceDate "2017.09.04"]
[SourceVersion "1"]
[SourceVersionDate "2018.03.05"]
[SourceQuality "1"]

1. d4 d5 2. c4 e5 3. e4 Bb4+ 4. Nd2 Bxd2+ 5. Bxd2 dxe4 6. dxe5 Nc6 7. Bc3 Qxd1+
8. Rxd1 Be6 9. f4 exf3 10. Nxf3 h6 11. Be2 Nge7 12. b4 Nf5 13. Kf2 Rd8 14. b5
Rxd1 15. Rxd1 Nd8 16. a4 O-O 17. g4 Ne7 18. Bb4 1-0

[Event "6. Torneo Distrito Chamartin 2017"]
[Site "Madrid ESP"]
[Date "2017.09.04"]
[Round "1.6"]
[White "Martinez Aragon, Aitor"]
[Black "Alvarez Serrano, Carlos"]
[Result "1/2-1/2"]
[WhiteElo "1702"]
[BlackElo "2212"]
[PlyCount "119"]
[EventDate "2017.09.04"]
[EventType "swiss"]
[EventRounds "9"]
[EventCountry "ESP"]
[SourceTitle "Ajedrez en Madrid"]
[Source "lmi"]
[SourceDate "2017.09.04"]
[SourceVersion "1"]
[SourceVersionDate "2018.03.05"]
[SourceQuality "1"]

1. b3 Nf6 2. Bb2 g6 3. e3 Bg7 4. d4 O-O 5. Nf3 d6 6. Be2 e5 7. dxe5 Nfd7 8. O-O
Nc6 9. c4 Ndxe5 10. Nxe5 Nxe5 11. Nc3 h5 12. Qd2 Bd7 13. Nd5 a5 14. h3 Bc6 15.
f4 Bxd5 16. cxd5 Nd7 17. Bxg7 Kxg7 18. e4 Qf6 19. Rac1 Rac8 20. Qxa5 Qd4+ 21.
Kh1 Nc5 22. Rc4 Qe3 23. Bf3 Rfe8 24. Re1 Qxf4 25. Qc3+ Qe5 26. b4 Qxc3 27. Rxc3
Na6 28. a3 f5 29. Re2 f4 30. Rec2 Kf6 31. Kg1 Ke5 32. Kf2 Rh8 33. Be2 Kxe4 34.
Bxa6 bxa6 35. Rxc7 Rxc7 36. Rxc7 g5 37. Rc6 Kxd5 38. Rxa6 g4 39. hxg4 hxg4 40.
b5 Rc8 41. Ra4 Rc2+ 42. Kf1 Kc5 43. Rxf4 Kxb5 44. Rxg4 d5 45. Rd4 Kc5 46. Rd1
Rc3 47. g4 Rxa3 48. Kf2 d4 49. g5 Kc4 50. g6 Ra8 51. Ke2 Ra2+ 52. Rd2 Ra6 53.
Rc2+ Kd5 54. g7 Re6+ 55. Kd3 Re3+ 56. Kd2 Rg3 57. Rc7 Rg2+ 58. Kd3 Rg3+ 59. Kd2
Rg2+ 60. Kd3 1/2-1/2

[Event "6. Torneo Distrito Chamartin 2017"]
[Site "Madrid ESP"]
[Date "2017.09.04"]
[Round "1.7"]
[White "Quispe Arteaga, Gabriel"]
[Black "Gomez Gonzalez, Jose Antonio"]
[Result "1-0"]
[WhiteElo "2197"]
[BlackElo "1692"]
[PlyCount "69"]
[EventDate "2017.09.04"]
[EventType "swiss"]
[EventRounds "9"]
[EventCountry "ESP"]
[SourceTitle "Ajedrez en Madrid"]
[Source "lmi"]
[SourceDate "2017.09.04"]
[SourceVersion "1"]
[SourceVersionDate "2018.03.05"]
[SourceQuality "1"]

1. Nf3 Nf6 2. g3 g6 3. Bg2 Bg7 4. O-O d6 5. d4 c6 6. c4 O-O 7. Nc3 Nbd7 8. h3
e5 9. e4 a5 10. Be3 Re8 11. d5 cxd5 12. cxd5 b6 13. Re1 Nc5 14. Bxc5 bxc5 15.
a4 Rb8 16. Nb5 Ba6 17. Bf1 Nh5 18. Nd2 Bxb5 19. axb5 Re7 20. Qa4 f5 21. Qxa5
Qd7 22. b4 cxb4 23. Qxb4 fxe4 24. Ra6 Rf7 25. Nxe4 Qf5 26. Qd2 Qf3 27. Ng5 Qf6
28. Nxf7 Qxf7 29. b6 Nf6 30. Ra7 Rb7 31. Rxb7 Qxb7 32. Qb4 Nxd5 33. Bc4 Kh8 34.
Bxd5 Qxd5 35. b7 1-0

[Event "6. Torneo Distrito Chamartin 2017"]
[Site "Madrid ESP"]
[Date "2017.09.04"]
[Round "1.8"]
[White "Rottenwoerer, Christoph"]
[Black "Gomez Peco, Pablo"]
[Result "0-1"]
[WhiteElo "1691"]
[BlackElo "2192"]
[PlyCount "76"]
[EventDate "2017.09.04"]
[EventType "swiss"]
[EventRounds "9"]
[EventCountry "ESP"]
[SourceTitle "Ajedrez en Madrid"]
[Source "lmi"]
[SourceDate "2017.09.04"]
[SourceVersion "1"]
[SourceVersionDate "2018.03.05"]
[SourceQuality "1"]

1. d4 c6 2. Bf4 Qb6 3. Bc1 d5 4. c3 Bf5 5. Qb3 Nd7 6. Bf4 e6 7. e3 Ngf6 8. Nd2
Be7 9. h3 h6 10. Ngf3 O-O 11. Be2 Rfc8 12. Ne5 Nxe5 13. Bxe5 Nd7 14. Bf4 c5 15.
O-O c4 16. Qxb6 Nxb6 17. Bd1 g5 18. Bg3 Bg6 19. f3 f5 20. Be1 Nd7 21. Bc2 b5
22. a3 a5 23. Bf2 Nb6 24. e4 f4 25. Rfc1 b4 26. axb4 axb4 27. cxb4 Bxb4 28. Be1
Rxa1 29. Rxa1 c3 30. bxc3 Bxc3 31. Ra2 Bxd4+ 32. Bf2 Be3 33. Bb3 Rc1+ 34. Nf1
Be8 35. Bxe3 fxe3 36. Rc2 Re1 37. Rc5 e2 38. Kf2 exf1=Q+ 0-1

[Event "6. Torneo Distrito Chamartin 2017"]
[Site "Madrid ESP"]
[Date "2017.09.04"]
[Round "1.9"]
[White "Rottenwohrer Suarez, Juan"]
[Black "Martinez Miura, Enrique"]
[Result "1-0"]
[WhiteElo "2180"]
[BlackElo "1684"]
[PlyCount "57"]
[EventDate "2017.09.04"]
[EventType "swiss"]
[EventRounds "9"]
[EventCountry "ESP"]
[SourceTitle "Ajedrez en Madrid"]
[Source "lmi"]
[SourceDate "2017.09.04"]
[SourceVersion "1"]
[SourceVersionDate "2018.03.05"]
[SourceQuality "1"]

1. d4 d5 2. c4 e6 3. Nc3 Nf6 4. cxd5 exd5 5. Bg5 Be7 6. e3 O-O 7. Bd3 Nbd7 8.
Nge2 c6 9. Qc2 h6 10. Bh4 b6 11. O-O Bb7 12. Rac1 Nh5 13. Bg3 Nxg3 14. Nxg3 Re8
15. a3 c5 16. dxc5 Nxc5 17. Bb5 Rf8 18. Rfd1 a6 19. Bf1 Qd7 20. Nxd5 Bxd5 21.
Bc4 Qa4 22. Bxd5 Rac8 23. Qf5 Qd7 24. Bxf7+ Rxf7 25. Rxd7 Rxf5 26. Nxf5 Bf6 27.
b4 Nxd7 28. Rxc8+ Kf7 29. Nd4 1-0

[Event "6. Torneo Distrito Chamartin 2017"]
[Site "Madrid ESP"]
[Date "2017.09.04"]
[Round "1.10"]
[White "Serrera Sanchez Romo, Sergio"]
[Black "Martinez Fernandez, Raul"]
[Result "0-1"]
[WhiteElo "1684"]
[BlackElo "2180"]
[PlyCount "54"]
[EventDate "2017.09.04"]
[EventType "swiss"]
[EventRounds "9"]
[EventCountry "ESP"]
[SourceTitle "Ajedrez en Madrid"]
[Source "lmi"]
[SourceDate "2017.09.04"]
[SourceVersion "1"]
[SourceVersionDate "2018.03.05"]
[SourceQuality "1"]

1. c4 e5 2. Nc3 Nf6 3. g3 a6 4. Bg2 Bc5 5. e3 Nc6 6. Nge2 O-O 7. O-O Ba7 8. a3
Ne7 9. b4 c6 10. Bb2 d6 11. d3 Qc7 12. Rc1 Bf5 13. d4 Rad8 14. d5 Bc8 15. e4
Ne8 16. dxc6 bxc6 17. Kh1 f5 18. exf5 Nxf5 19. Qc2 Nh6 20. f3 Nf5 21. Nd1 Nf6
22. f4 Ng4 23. Be4 Qf7 24. Bxf5 Bxf5 25. Qc3 Be4+ 26. Rf3 Qh5 27. h4 Ne3 0-1

[Event "6. Torneo Distrito Chamartin 2017"]
[Site "Madrid ESP"]
[Date "2017.09.04"]
[Round "1.11"]
[White "Vallejo Nuño, Jorge"]
[Black "Barragan Panal, Juan Jose"]
[Result "1/2-1/2"]
[WhiteElo "2142"]
[BlackElo "1683"]
[PlyCount "64"]
[EventDate "2017.09.04"]
[EventType "swiss"]
[EventRounds "9"]
[EventCountry "ESP"]
[SourceTitle "Ajedrez en Madrid"]
[Source "lmi"]
[SourceDate "2017.09.04"]
[SourceVersion "1"]
[SourceVersionDate "2018.03.05"]
[SourceQuality "1"]

1. d4 Nf6 2. Bf4 b6 3. e3 Bb7 4. Nf3 e6 5. Be2 Be7 6. h3 d6 7. O-O Nbd7 8. c4
Ne4 9. Nfd2 e5 10. Bh2 Nxd2 11. Qxd2 O-O 12. d5 f5 13. Nc3 Nf6 14. Qc2 Bc8 15.
Bd3 Kh8 16. f4 e4 17. Be2 Qe8 18. Nb5 Bd8 19. Nd4 Bd7 20. b4 Ng8 21. Rac1 Bf6
22. Qd2 a5 23. c5 axb4 24. cxd6 cxd6 25. Nc6 Bc3 26. Rxc3 bxc3 27. Qxc3 Ne7 28.
Nb4 Bb5 29. Qd2 Bxe2 30. Qxe2 Ra5 31. Rd1 Qb5 32. Qd2 Rc8 1/2-1/2

[Event "6. Torneo Distrito Chamartin 2017"]
[Site "Madrid ESP"]
[Date "2017.09.04"]
[Round "1.12"]
[White "Diaz Begonte, Manuel"]
[Black "Sanchez Jerez, Emilio Miguel"]
[Result "0-1"]
[WhiteElo "1680"]
[BlackElo "2140"]
[PlyCount "47"]
[EventDate "2017.09.04"]
[EventType "swiss"]
[EventRounds "9"]
[EventCountry "ESP"]
[SourceTitle "Ajedrez en Madrid"]
[Source "lmi"]
[SourceDate "2017.09.04"]
[SourceVersion "1"]
[SourceVersionDate "2018.03.05"]
[SourceQuality "1"]

1. e4 c5 2. d4 cxd4 3. c3 dxc3 4. Nxc3 Nc6 5. Nf3 e6 6. Bc4 a6 7. O-O b5 8. Bb3
Nge7 9. Qe2 Bb7 10. Rd1 Ng6 11. Be3 Na5 12. Bc2 Be7 13. Nd2 Qc7 14. Rac1 Rc8
15. Bb1 b4 16. Na4 Qxc1 17. Rxc1 Rxc1+ 18. Nf1 Rxb1 19. Qc2 Ra1 20. Nc5 Bc6 21.
b3 Bb5 22. Nd3 Ne5 23. Qb2 Rxf1+ 24. Kxf1 0-1

[Event "6. Torneo Distrito Chamartin 2017"]
[Site "Madrid ESP"]
[Date "2017.09.04"]
[Round "1.13"]
[White "Alfaya Marcelo, Roberto"]
[Black "Martinez Pintor, Juan"]
[Result "1-0"]
[WhiteElo "2126"]
[BlackElo "1661"]
[PlyCount "43"]
[EventDate "2017.09.04"]
[EventType "swiss"]
[EventRounds "9"]
[EventCountry "ESP"]
[SourceTitle "Ajedrez en Madrid"]
[Source "lmi"]
[SourceDate "2017.09.04"]
[SourceVersion "1"]
[SourceVersionDate "2018.03.05"]
[SourceQuality "1"]

1. e4 e6 2. d4 d5 3. Bd3 c5 4. exd5 exd5 5. Nf3 Nc6 6. O-O Bd6 7. Re1+ Nge7 8.
Nc3 cxd4 9. Nb5 Bb8 10. Nbxd4 O-O 11. a3 f5 12. Bg5 Qc7 13. Nb5 Qd7 14. c4 Kh8
15. cxd5 Nxd5 16. Qc2 a6 17. Qc5 Rg8 18. Bc4 axb5 19. Bxd5 Ba7 20. Qxb5 Bxf2+
21. Kxf2 Ra5 22. Bxc6 1-0

[Event "6. Torneo Distrito Chamartin 2017"]
[Site "Madrid ESP"]
[Date "2017.09.04"]
[Round "1.14"]
[White "Rodriguez Bachiller, Luis"]
[Black "Bustos Bernardo, Samuel"]
[Result "1-0"]
[WhiteElo "1646"]
[BlackElo "2096"]
[PlyCount "139"]
[EventDate "2017.09.04"]
[EventType "swiss"]
[EventRounds "9"]
[EventCountry "ESP"]
[SourceTitle "Ajedrez en Madrid"]
[Source "lmi"]
[SourceDate "2017.09.04"]
[SourceVersion "1"]
[SourceVersionDate "2018.03.05"]
[SourceQuality "1"]

1. e4 c5 2. Nf3 d6 3. d4 cxd4 4. Nxd4 Nf6 5. Nc3 a6 6. Be2 e5 7. Nb3 Be7 8. O-O
O-O 9. Be3 Be6 10. f4 Qc7 11. f5 Bc4 12. Nd2 Bxe2 13. Qxe2 b5 14. Rac1 b4 15.
Nd1 d5 16. exd5 Nxd5 17. Ne4 Nd7 18. Ndf2 Qa5 19. Rfd1 Rfd8 20. b3 N7b6 21.
Bxb6 Qxb6 22. c4 bxc3 23. Nxc3 Nxc3 24. Rxc3 Rxd1+ 25. Qxd1 Bc5 26. Qc2 Bxf2+
27. Qxf2 Qd6 28. Qc2 Qd4+ 29. Kf1 Rd8 30. Rc8 h6 31. Rxd8+ Qxd8 32. Qe2 Qd6 33.
g4 a5 34. h3 Qd5 35. Kf2 Kf8 36. Qe3 Qd6 37. Qc3 Qd5 38. Ke3 Ke7 39. b4 axb4
40. Qxb4+ Kf6 41. a4 Qc6 42. a5 Qc1+ 43. Qd2 Qg1+ 44. Kf3 Qh1+ 45. Kg3 Qg1+ 46.
Kh4 Ke7 47. Qd5 Qe1+ 48. Kh5 Qe3 49. h4 e4 50. a6 g6+ 51. fxg6 fxg6+ 52. Kxg6
Qb6+ 53. Kg7 Qf6+ 54. Kh7 Qxa6 55. Qxe4+ Kf8 56. Qf5+ Ke7 57. Qe5+ Kf8 58. Qg7+
Ke8 59. Qxh6 Qb7+ 60. Qg7 Qf3 61. h5 Kd8 62. h6 Qe4+ 63. Kh8 Qb1 64. h7 Qe4 65.
g5 Ke8 66. Qf6 Qa4 67. Kg7 Kd7 68. h8=Q Qe4 69. Qh3+ Kc7 70. Qhe6 1-0

[Event "6. Torneo Distrito Chamartin 2017"]
[Site "Madrid ESP"]
[Date "2017.09.04"]
[Round "1.15"]
[White "Delgado Alarcon, Jesus Francisco"]
[Black "Juzgado Niella, Angel Luis"]
[Result "1-0"]
[WhiteElo "2094"]
[BlackElo "1620"]
[PlyCount "55"]
[EventDate "2017.09.04"]
[EventType "swiss"]
[EventRounds "9"]
[EventCountry "ESP"]
[SourceTitle "Ajedrez en Madrid"]
[Source "lmi"]
[SourceDate "2017.09.04"]
[SourceVersion "1"]
[SourceVersionDate "2018.03.05"]
[SourceQuality "1"]

1. d4 d5 2. c3 Nf6 3. f4 e6 4. Nf3 Nbd7 5. e3 c6 6. Nbd2 Bd6 7. Bd3 b6 8. O-O
Bb7 9. Ne5 c5 10. Qf3 Qc7 11. g4 g6 12. g5 Nh5 13. Bb5 Bxe5 14. fxe5 Rf8 15.
Qe2 O-O-O 16. b3 Ng7 17. a4 Nxe5 18. dxe5 Qxe5 19. Nf3 Qe4 20. a5 Qg4+ 21. Kh1
d4 22. cxd4 Qxg5 23. axb6 axb6 24. Ba6 Qd5 25. e4 Qd6 26. Bh6 Rg8 27. Bxb7+
Kxb7 28. Qa6+ 1-0

[Event "6. Torneo Distrito Chamartin 2017"]
[Site "Madrid ESP"]
[Date "2017.09.04"]
[Round "1.16"]
[White "De la Aldea Martin, Alvaro"]
[Black "Fernandez Alvarez, Luis"]
[Result "0-1"]
[WhiteElo "1605"]
[BlackElo "2088"]
[PlyCount "58"]
[EventDate "2017.09.04"]
[EventType "swiss"]
[EventRounds "9"]
[EventCountry "ESP"]
[SourceTitle "Ajedrez en Madrid"]
[Source "lmi"]
[SourceDate "2017.09.04"]
[SourceVersion "1"]
[SourceVersionDate "2018.03.05"]
[SourceQuality "1"]

1. d4 Nf6 2. c4 d6 3. Nc3 e5 4. Bg5 exd4 5. Qxd4 Be7 6. Nf3 O-O 7. e3 Nbd7 8.
Be2 Re8 9. O-O-O Nc5 10. h3 Ne6 11. Qd3 Nxg5 12. Nxg5 h6 13. Nge4 Nxe4 14. Nxe4
Bf8 15. Ng3 Qf6 16. Bf3 Rb8 17. Qb3 Bd7 18. Rd4 b5 19. c5 Be6 20. Bd5 dxc5 21.
Rf4 Qe5 22. Bxe6 Qxe6 23. Qc2 Qxa2 24. Qf5 g6 25. Qc2 Bg7 26. Ne4 Qa1+ 27. Kd2
Red8+ 28. Ke2 Qxh1 29. Qxc5 Qd1# 0-1

[Event "6. Torneo Distrito Chamartin 2017"]
[Site "Madrid ESP"]
[Date "2017.09.04"]
[Round "1.17"]
[White "Aziz Ortego, Omar Luis"]
[Black "Alameda Arellano, Cristeto"]
[Result "1-0"]
[WhiteElo "2069"]
[BlackElo "1577"]
[PlyCount "91"]
[EventDate "2017.09.04"]
[EventType "swiss"]
[EventRounds "9"]
[EventCountry "ESP"]
[SourceTitle "Ajedrez en Madrid"]
[Source "lmi"]
[SourceDate "2017.09.04"]
[SourceVersion "1"]
[SourceVersionDate "2018.03.05"]
[SourceQuality "1"]

1. e4 c6 2. d4 d5 3. e5 c5 4. c3 Nc6 5. Nf3 Bg4 6. Be2 e6 7. O-O Bxf3 8. Bxf3
cxd4 9. cxd4 Qb6 10. Be3 Qxb2 11. Nd2 Qb6 12. Rb1 Qc7 13. Qb3 Rb8 14. Rfc1 Qd7
15. Be2 a6 16. Qb6 Nge7 17. Rc3 Nc8 18. Qb2 Be7 19. Rb3 Na5 20. Rc3 Nc6 21.
Rbc1 N8a7 22. Nb3 O-O 23. Nc5 Bxc5 24. Rxc5 b6 25. R5c3 a5 26. a3 b5 27. Rc5 b4
28. a4 Rfc8 29. Ba6 Rc7 30. Bb5 Rbc8 31. Qc2 g6 32. g4 Kg7 33. Qd2 Nxb5 34.
axb5 Ne7 35. Bg5 Rxc5 36. Bf6+ Kf8 37. dxc5 Qxb5 38. Qh6+ Ke8 39. Qxh7 Rxc5 40.
Re1 b3 41. Qh8+ Kd7 42. Qf8 b2 43. Bxe7 Rc8 44. Qxf7 Rc1 45. Ba3+ Kc8 46. Qxe6+
1-0

[Event "6. Torneo Distrito Chamartin 2017"]
[Site "Madrid ESP"]
[Date "2017.09.04"]
[Round "1.18"]
[White "Osuna Osuna, Francisco"]
[Black "Lopez de Turiso, Jose Angel"]
[Result "0-1"]
[WhiteElo "1574"]
[BlackElo "2050"]
[PlyCount "116"]
[EventDate "2017.09.04"]
[EventType "swiss"]
[EventRounds "9"]
[EventCountry "ESP"]
[SourceTitle "Ajedrez en Madrid"]
[Source "lmi"]
[SourceDate "2017.09.04"]
[SourceVersion "1"]
[SourceVersionDate "2018.03.05"]
[SourceQuality "1"]

1. e4 c5 2. Nc3 Nc6 3. f4 g6 4. Nf3 Bg7 5. Bb5 e6 6. Bxc6 bxc6 7. e5 d5 8. exd6
Qxd6 9. d3 Ba6 10. Ne4 Qd5 11. O-O c4 12. Nf2 cxd3 13. Nxd3 Ne7 14. Re1 Bxd3
15. Qxd3 Qxd3 16. cxd3 O-O 17. Rb1 Rfd8 18. Rd1 Nd5 19. Bd2 Rab8 20. Ne5 Bxe5
21. fxe5 Nb4 22. Bxb4 Rxb4 23. Kf2 Rbd4 24. Ke3 c5 25. Rbc1 R8d5 26. Rxc5 Rxd3+
27. Rxd3 Rxc5 28. Rd7 Rxe5+ 29. Kf3 Ra5 30. a3 Kg7 31. g4 g5 32. h3 Rb5 33.
Rxa7 Rxb2 34. a4 Rh2 35. Kg3 Ra2 36. Kf3 Ra3+ 37. Kg2 Kg6 38. Kh2 f5 39. gxf5+
exf5 40. Ra6+ Kh5 41. Kg2 g4 42. hxg4+ fxg4 43. Ra5+ Kh4 44. Ra7 h5 45. a5 Ra2+
46. Kf1 Kg3 47. Rh7 Rxa5 48. Rb7 Ra3 49. Rb2 h4 50. Rg2+ Kh3 51. Re2 Ra1+ 52.
Kf2 g3+ 53. Kf3 Rf1+ 54. Ke4 g2 55. Re3+ Kg4 56. Kd5 g1=Q 57. Re4+ Kg5 58. Re5+
Rf5 0-1

[Event "6. Torneo Distrito Chamartin 2017"]
[Site "Madrid ESP"]
[Date "2017.09.04"]
[Round "1.19"]
[White "Gomez Ferrer, Jesus"]
[Black "Yaniz Lana, Francisco Javier"]
[Result "1/2-1/2"]
[WhiteElo "2035"]
[BlackElo "1572"]
[PlyCount "150"]
[EventDate "2017.09.04"]
[EventType "swiss"]
[EventRounds "9"]
[EventCountry "ESP"]
[SourceTitle "Ajedrez en Madrid"]
[Source "lmi"]
[SourceDate "2017.09.04"]
[SourceVersion "1"]
[SourceVersionDate "2018.03.05"]
[SourceQuality "1"]

1. e4 c5 2. Nc3 Nc6 3. f4 g6 4. Nf3 Bg7 5. Bc4 e6 6. O-O Nge7 7. Bb5 O-O 8. d3
d6 9. Bxc6 Nxc6 10. Ne2 b5 11. c3 Bb7 12. Be3 a5 13. Rc1 b4 14. Qe1 Re8 15. Qg3
Ba6 16. Rcd1 Ne7 17. Rd2 Rb8 18. Qh3 Bc8 19. g4 f6 20. c4 Qc7 21. Ng3 d5 22. f5
exf5 23. gxf5 Nxf5 24. Nxf5 Bxf5 25. Qh4 dxe4 26. Bf4 Qb7 27. Bxb8 exf3 28. Bg3
g5 29. Qh5 Qd7 30. Qxf3 Bg6 31. Bf2 h6 32. Bxc5 Re5 33. Bf2 Rf5 34. Qg2 Bh5 35.
Qg3 Rf4 36. h3 Rf3 37. Qb8+ Kh7 38. Bg3 Rxf1+ 39. Kxf1 Qxh3+ 40. Kf2 Qf5+ 41.
Kg1 Bf3 42. Bf2 g4 43. Qg3 Qg5 44. Be1 Qe3+ 45. Qf2 Qg5 46. d4 Qh5 47. Qh2 Qf5
48. Qg3 h5 49. Rh2 Bh6 50. Qc7+ Kg6 51. Qe7 Qb1 52. Qe8+ Kg7 53. Rxh5 Qc2 54.
Qe7+ Kg8 55. Rh2 Qc1 56. Qe8+ Kg7 57. Qe7+ Kg8 58. Qe6+ Kg7 59. Kf1 g3 60. Qe7+
Kg6 61. Qe8+ Kg5 62. Qg8+ Kf5 63. Qc8+ Kg5 64. Qg8+ Kf5 65. Qh7+ Ke6 66. Qg8+
Kf5 67. Qh7+ Ke6 68. Qxh6 Qxc4+ 69. Kg1 Qxd4+ 70. Kf1 Qd3+ 71. Kg1 gxh2+ 72.
Qxh2 Qd4+ 73. Kf1 Qd3+ 74. Kg1 Qg6+ 75. Kf1 Qd3+ 1/2-1/2

[Event "6. Torneo Distrito Chamartin 2017"]
[Site "Madrid ESP"]
[Date "2017.09.04"]
[Round "1.20"]
[White "Algaba Traspuesto, Jose Antonio"]
[Black "Yingrui, Lin"]
[Result "0-1"]
[WhiteElo "1566"]
[BlackElo "2031"]
[PlyCount "80"]
[EventDate "2017.09.04"]
[EventType "swiss"]
[EventRounds "9"]
[EventCountry "ESP"]
[SourceTitle "Ajedrez en Madrid"]
[Source "lmi"]
[SourceDate "2017.09.04"]
[SourceVersion "1"]
[SourceVersionDate "2018.03.05"]
[SourceQuality "1"]

1. d4 d5 2. Bf4 Nf6 3. e3 Bf5 4. Nf3 e6 5. c4 Bb4+ 6. Nc3 O-O 7. a3 Bxc3+ 8.
bxc3 Ne4 9. Qc1 c5 10. Be2 dxc4 11. Bxc4 Nc6 12. O-O Rc8 13. Nd2 Na5 14. Ba2
cxd4 15. Nxe4 Bxe4 16. exd4 Bd5 17. Qe3 Bxa2 18. Rxa2 Qd5 19. Raa1 Rc6 20. Qg3
f6 21. Bh6 Rf7 22. Qb8+ Rf8 23. Qg3 Qd7 24. Rfd1 Rfc8 25. d5 Rxc3 26. dxe6
Qxd1+ 27. Rxd1 Rxg3 28. e7 Kf7 29. hxg3 gxh6 30. Rd8 Rc1+ 31. Kh2 Kxe7 32. Rh8
Kf7 33. Rxh7+ Kg6 34. Rd7 Rc3 35. a4 Rc4 36. Rd5 Rxa4 37. f4 a6 38. f5+ Kg5 39.
Kh3 Ra3 40. Rc5 Nc6 0-1

[Event "6. Torneo Distrito Chamartin 2017"]
[Site "Madrid ESP"]
[Date "2017.09.04"]
[Round "1.21"]
[White "Bento Iglesias, Pablo"]
[Black "Ochoa Gonzalez, Hugo"]
[Result "1-0"]
[WhiteElo "2029"]
[BlackElo "1556"]
[PlyCount "73"]
[EventDate "2017.09.04"]
[EventType "swiss"]
[EventRounds "9"]
[EventCountry "ESP"]
[SourceTitle "Ajedrez en Madrid"]
[Source "lmi"]
[SourceDate "2017.09.04"]
[SourceVersion "1"]
[SourceVersionDate "2018.03.05"]
[SourceQuality "1"]

1. e4 c5 2. c3 Nf6 3. e5 Nd5 4. d4 cxd4 5. Nf3 e6 6. cxd4 Nc6 7. Bc4 Nb6 8. Bb3
Qc7 9. Nc3 d6 10. Nb5 Qd8 11. exd6 Bxd6 12. Nxd6+ Qxd6 13. O-O O-O 14. Be3 Nd5
15. Nd2 Nf6 16. Nc4 Qc7 17. Rc1 Rd8 18. Ne5 Bd7 19. Bg5 Qa5 20. Rc5 Qb4 21.
Bxf6 gxf6 22. Qg4+ Kf8 23. Nxd7+ Rxd7 24. Rc4 Qb6 25. Qh4 Nxd4 26. Qxf6 Rad8
27. Ba4 Rd6 28. Qh8+ Ke7 29. Qxh7 Qa5 30. Bd1 Nc6 31. Bh5 Ne5 32. Rf4 Rf8 33.
Qg7 Qb5 34. Re1 Qd5 35. Qf6+ Ke8 36. Qxe5 Qd1 37. Bxd1 1-0

[Event "6. Torneo Distrito Chamartin 2017"]
[Site "Madrid ESP"]
[Date "2017.09.04"]
[Round "1.22"]
[White "Ferrando Marti, Roberto"]
[Black "Blesa Fernandez, Francisco"]
[Result "0-1"]
[WhiteElo "1552"]
[BlackElo "2010"]
[PlyCount "56"]
[EventDate "2017.09.04"]
[EventType "swiss"]
[EventRounds "9"]
[EventCountry "ESP"]
[SourceTitle "Ajedrez en Madrid"]
[Source "lmi"]
[SourceDate "2017.09.04"]
[SourceVersion "1"]
[SourceVersionDate "2018.03.05"]
[SourceQuality "1"]

1. e4 c5 2. Nc3 Nc6 3. g3 g6 4. Bg2 Bg7 5. d3 e6 6. Nge2 Nge7 7. O-O O-O 8. Bg5
h6 9. Be3 Nd4 10. Qc1 Kh7 11. Nf4 d6 12. Nh3 Rb8 13. f4 b5 14. Bxd4 cxd4 15.
Ne2 f5 16. exf5 Nxf5 17. Qd2 Ne3 18. Rf3 Qc7 19. c3 e5 20. fxe5 Nxg2 21. Rxf8
Bxf8 22. exd6 Bxd6 23. Ng5+ hxg5 24. Kxg2 Qc6+ 25. Kg1 Bb7 26. Nxd4 Qh1+ 27.
Kf2 Qg2+ 28. Ke1 Qg1+ 0-1